| 000 | 00422nam a22001817a 4500 | ||
|---|---|---|---|
| 003 | MPLRDC | ||
| 005 | 20220104124303.0 | ||
| 008 | 210129b ||||| |||| 00| 0 eng d | ||
| 020 | _a7-5617-0916-1 | ||
| 082 | _a987 SH | ||
| 100 | _a沈红 | ||
| 245 |
_a影视鉴赏入门 _c |
||
| 250 | _a一版一刷 | ||
| 260 |
_a _b华东师范大学出版社 _c1992 |
||
| 300 | _b平 | ||
| 650 | _a电影 | ||
| 942 |
_cBK _o987 SH |
||
| 999 |
_c18124 _d18114 |
||